Shah and others v Colvia Management Co Ltd [2008] EWCA Civ 195 (Record no. 80433)
[ view plain ]
| 000 -LEADER | |
|---|---|
| fixed length control field | 01284cab a22002295a 4500 |
| 001 - CONTROL NUMBER | |
| control field | L144344 |
| 008 - FIXED-LENGTH DATA ELEMENTS--GENERAL INFORMATION | |
| fixed length control field | 080714s2008 xxk f v 000 0 eng d |
| 035 ## - SYSTEM CONTROL NUMBER | |
| System control number | (Sirsi) u144344 |
| 041 0# - LANGUAGE CODE | |
| Language code of text/sound track or separate title | eng |
| 245 00 - TITLE STATEMENT | |
| Title | Shah and others v Colvia Management Co Ltd [2008] EWCA Civ 195 |
| 260 ## - PUBLICATION, DISTRIBUTION, ETC. | |
| Date of publication, distribution, etc. | 2008 |
| 490 #0 - SERIES STATEMENT | |
| Series statement | Commercial Leases |
| Volume/sequential designation | 22(3) April 2008, 1324-1327(4) |
| 520 ## - SUMMARY, ETC. | |
| Summary, etc. | Discusses the case of Shah and others v Colvia Management Co Ltd [2008] EWCA Civ 195. The case concerned the construction of commercial lease regime rules and regulations and whether a revised parking scheme was reasonable and in accordance with the lease provisions. The case went to the Court of Appeal which allowed the appeal. Covers the background to the case, the first instance decision and the appeal. The case highlights the need for careful drafting of leases. |
| 590 ## - LOCAL NOTE (RLIN) | |
| Local note | KA |
| 650 24 - SUBJECT ADDED ENTRY--TOPICAL TERM | |
| Topical term or geographic name entry element | WEDNESBURY CORP V MINISTRY OF HOUSING AND LOCAL GOVERNMENT |
| 650 24 - SUBJECT ADDED ENTRY--TOPICAL TERM | |
| Topical term or geographic name entry element | INTERNATIONAL DRILLING FLUIDS LTD V LOUISVILLE INVESTMENTS (UXBRIDGE) LTD |
| 650 24 - SUBJECT ADDED ENTRY--TOPICAL TERM | |
| Topical term or geographic name entry element | MONTROSE COURT HOLDINGS V SHAMASH |
| 650 24 - SUBJECT ADDED ENTRY--TOPICAL TERM | |
| Topical term or geographic name entry element | SAEED V PLUSTRADE |
| 651 #4 - SUBJECT ADDED ENTRY--GEOGRAPHIC NAME | |
| Geographic name | England and Wales |
| Chronological subdivision | 1543- |
| 690 ## - LOCAL SUBJECT ADDED ENTRY--TOPICAL TERM (OCLC, RLIN) | |
| Topical term or geographic name as entry element | PROPERTY-COMMERCIAL PROPERTY-LEASEHOLD COMMERCIAL PROPERTY-COMMERCIAL LANDLORD AND TENANT-COMMERCIAL LEASES |
| 942 ## - ADDED ENTRY ELEMENTS (KOHA) | |
| Suppress in OPAC | 0 |
| Withdrawn status | Lost status | Source of classification or shelving scheme | Damaged status | Not for loan | Home library | Current library | Shelving location | Date acquired | Total Checkouts | Full call number | Barcode | Date last seen | Copy number | Price effective from | Koha item type |
|---|---|---|---|---|---|---|---|---|---|---|---|---|---|---|---|
| Dewey Decimal Classification | London | London | Journal article | 14/07/2008 | L144344 | 144344-1001 | 06/08/2019 | 1 | 06/08/2019 | Journal article |